Catálogo

Las certezas perdidas : (Registro nro. 66001)

Detalles MARC
000 -LEADER
fixed length control field 00723nam a2200229 u 4500
001 - CONTROL NUMBER
control field 66001
005 - DATE AND TIME OF LATEST TRANSACTION
control field 20180714073558.0
008 - FIXED-LENGTH DATA ELEMENTS--GENERAL INFORMATION
fixed length control field 160824s2008 ag r 000 0 spa d
020 ## - INTERNATIONAL STANDARD BOOK NUMBER
International Standard Book Number 9789501215151
041 0# - LANGUAGE CODE
Language code of text/sound track or separate title spa
082 0# - DEWEY DECIMAL CLASSIFICATION NUMBER
Classification number 370.15
Item number VAS
100 1# - MAIN ENTRY--PERSONAL NAME
Personal name Vasen, Juan,
Relator term autor
245 14 - TITLE STATEMENT
Title Las certezas perdidas :
Remainder of title padres y maestros ante los desafíos del presente /
Statement of responsibility, etc. Juan Vase.
264 #1 - PRODUCTION, PUBLICATION, DISTRIBUTION, MANUFACTURE, AND COPYRIGHT NOTICE
Place of production, publication, distribution, manufacture Argentina :
Name of producer, publisher, distributor, manufacturer Editorial Paidós,
Date of production, publication, distribution, manufacture, or copyright notice 2008
300 ## - PHYSICAL DESCRIPTION
Extent 173 páginas ;
Dimensions 22 cm.
336 ## - CONTENT TYPE
Content type term texto
Source rdacontent
337 ## - MEDIA TYPE
Media type term sin mediación
Source rdamedia
338 ## - CARRIER TYPE
Carrier type term volumen
Source rdacarrier
490 0# - SERIES STATEMENT
Series statement Voces de la educación
650 #4 - SUBJECT ADDED ENTRY--TOPICAL TERM
Topical term or geographic name entry element Sociología de la educación
650 #4 - SUBJECT ADDED ENTRY--TOPICAL TERM
Topical term or geographic name entry element Psicología educativa
Existencias
Withdrawn status Lost status Source of classification or shelving scheme Damaged status Not for loan Collection code Home library Current library Shelving location Date acquired Source of acquisition Inventory number Total Checkouts Total Renewals Full call number Barcode Date last seen Date last checked out Price effective from Koha item type
    Dewey Decimal Classification     General Biblioteca Karol Wojtyla Biblioteca Karol Wojtyla Sala general 24/08/2016 Compra 151000000000000000043658 1 1 370.15 VAS 2008 96164 05/01/2026 21/11/2019 25/08/2016 Libro